Chaîne de mots The Legend of Zelda - Statistiques

Statistiques générales
  • Ce quiz a été pris 125 fois
  • Le résultat moyen est 12 sur 20
Statistiques - réponses
Hint Réponse % Correct
Héros emblématique de la série Link
100%
Cheval de Link Epona
80%
Nom du premier Zelda en 3D Ocarina of time
79%
Arme fétiche des Piafs Arc
77%
Race de Link et Zelda Hylien
77%
Village emblématique présent dans plusieurs jeux Cocorico
72%
Grand Arbre sage Arbre Mojo
71%
Petite plante caché partout en Hyrule dans Breath of the Wild Korogu
68%
Village ou l'on trouve un laboratoire antique occupé par Pru'ha Elimith
61%
Epée de Héros Epée de légende
61%
Servante loyale de la princesse Zelda dans plusieurs opus Impa
61%
Prodige Gerudo Urbosa
60%
Qui est le double maléfique de Link, souvent rencontré comme un boss miroir dans plusieurs jeux ? Dark Link
59%
Petite fée bleue qui guide Link dans Ocarina of Time Navi
59%
Personnage excentrique vêtu de vert, souvent présent pour vendre des cartes ou des objets Tingle
53%
Garçon ayant volé le masque de Majora Skull kid
49%
Boss de la créature divine Vah'Medoh Ombre de vent
39%
Nom de la région du jeu Majora's Mask Termina
38%
Boss Final du jeu Skyward sword Avatar du néant
37%
Objets de Tears of the Kingdom nécessaires à la construction Artefacts soneaus
3%
Aucun quiz correspondant
Distribution des résultats
% des personnes avec chaque résultat
Percentile par nombre de réponses
Votre historique - résultats
Vous n’avez pas pris ce quiz